000 00697nam a22002057a 4500
003 OSt
005 20250819030031.0
008 250819b |||||||| |||| 00| 0 eng d
020 _a0-7645-7278-4
040 _aDWCL-Main lib
_cOC
082 _aCirc. 641.5 S562c 2006
100 _aShullman, Martha Rose
245 _aCulinary boot camp :
_bfive days of basic training with the Culinary Institute of America/
_cMartha Rose Shullman
260 _aNew Jersey :
_bJohn Wiley & Sons,
_cc2006.
300 _a xv, 242 pages :
_b color illustrations ;
_c23cm.
504 _aIncludes index
650 _a1. Cooking.
650 _a2. Culinary Institute of America
942 _2ddc
_cBK-CIRC
_kCirc.
_n0
999 _c4047
_d4047